000 00913nas a2200289 4500
001 BR2011002112
003 BR-BrBNA
005 20231205114556.0
007 ta
008 230509b bl.|||p| |||| 00| 00por d
040 _aBR-BrBNA
_bpor
_cBiblioteca Nacional de Agricultura
041 _a(Pt)
072 _aT01
100 1 _aFarias, K.L.
100 1 _aTrindade, R. de C.
100 1 _aAlcântara, A.V.
245 1 _aOcorrência de Escherichia coli (EPEC e EIEC)no sururu, Mytella guayanensis Lamarck, e na água do estuário do rio Vaza Barris (Sergipe, Brasil)
650 _aSURURU
650 _aESCHERICHIA COLI
650 _aBACTERIA
650 _aCONTAMINAÇÃO
650 _aPOLUIÇÃO
650 _aSERGIPE
773 0 _tArquivos de Ciências do Mar (Brazil)
_xISSN 0374-5686
_g(2010), v. 43(2) p. 66-70
_wBR2011002112
909 _a202311
_bLúcia
_c55
_dLúcia Elande
942 _2AGRIS
_n0
_cANA
999 _c209391
_d209391